Parenting isn't for cowards : (Record no. 10626)

MARC details
000 -LEADER
fixed length control field 01516cam a2200313 a 4500
001 - CONTROL NUMBER
control field 16873079
003 - CONTROL NUMBER IDENTIFIER
control field OCoLC
005 - DATE AND TIME OF LATEST TRANSACTION
control field 20250206132402.0
008 - FIXED-LENGTH DATA ELEMENTS--GENERAL INFORMATION
fixed length control field 871002s1987 txua 000 0 eng
020 ## - INTERNATIONAL STANDARD BOOK NUMBER
International Standard Book Number 084990630X :
Terms of availability $14.95
020 ## - INTERNATIONAL STANDARD BOOK NUMBER
International Standard Book Number 9780849906305
035 ## - SYSTEM CONTROL NUMBER
System control number (OCoLC)16873079
Canceled/invalid control number (OCoLC)220238650
040 ## - CATALOGING SOURCE
Original cataloging agency DLC
Transcribing agency DLC
Modifying agency OCL
-- OCLCQ
-- BAKER
-- BTCTA
-- OCLCG
-- CN5O8
-- SGB
-- CKL
-- DEBBG
-- CIRBC
070 0# - NATIONAL AGRICULTURAL LIBRARY CALL NUMBER
Classification number HQ755.8.D63
072 #0 - SUBJECT CATEGORY CODE
Subject category code U400
072 #0 - SUBJECT CATEGORY CODE
Subject category code X800
082 04 - DEWEY DECIMAL CLASSIFICATION NUMBER
Classification number 649.1
Edition information 19
Item number DOB 1
092 ## - LOCALLY ASSIGNED DEWEY CALL NUMBER (OCLC)
Classification number 649.1
Item number D9355pa
100 1# - MAIN ENTRY--PERSONAL NAME
Personal name Dobson, James C.,
Dates associated with a name 1936-
245 10 - TITLE STATEMENT
Title Parenting isn't for cowards :
Remainder of title dealing confidently with the frustrations of child-rearing /
Statement of responsibility, etc. James C. Dobson.
260 ## - PUBLICATION, DISTRIBUTION, ETC.
Place of publication, distribution, etc. Waco, Tex. :
Name of publisher, distributor, etc. Word Books,
Date of publication, distribution, etc. c1987.
300 ## - PHYSICAL DESCRIPTION
Extent 239 p. :
Other physical details ill. ;
Dimensions 24 cm.
505 0# - FORMATTED CONTENTS NOTE
Formatted contents note The challenge -- The tough and the gentle -- What 35,000 parents said about their children -- What 35,000 parents said about themselves -- With love to parents who hurt -- Suggestions for parents of young children -- Power games -- Too pooped to parent -- Suggestions for parents of adolescents -- Questions and answers -- Releasing your grown child -- A final thought -- Appendix : Questionnaire for parents.
520 ## - SUMMARY, ETC.
Summary, etc. How to rear two of several psychological types of children -- the strong-willed child and the compliant child.
650 #0 - SUBJECT ADDED ENTRY--TOPICAL TERM
Topical term or geographic name entry element Parenting
Geographic subdivision United States
General subdivision Psychological aspects.
650 #0 - SUBJECT ADDED ENTRY--TOPICAL TERM
Topical term or geographic name entry element Parenthood
General subdivision Psychological aspects.
650 #0 - SUBJECT ADDED ENTRY--TOPICAL TERM
Topical term or geographic name entry element Child rearing
Geographic subdivision United States.
942 ## - ADDED ENTRY ELEMENTS (KOHA)
Source of classification or shelving scheme Dewey Decimal Classification
Koha item type Books
Suppress in OPAC No
Holdings
Withdrawn status Lost status Source of classification or shelving scheme Damaged status Not for loan Home library Current Library Shelving location Date acquired Total checkouts Full call number Barcode Date last seen Copy number Price effective from Koha item type
    Dewey Decimal Classification     GRACE BIBLE COLLEGE GRACE BIBLE COLLEGE General Studies 2025-02-06   649.1 DOB 021002 2025-05-01 c.1 2025-02-06 Books
© Grace Bible College Library 2025